00506nam a2200193 a 4500001001300000003000900013005001700022008004100039020001000080082001600090100001700106245005500123260004500178300000900223500003500232505001000267650001800277700001700295nice12345678IN_TiNIC20260116011607.0050524s1957 lona grp 000 0 eng  ac10000a892.71bARB aArberry, A J aSeven Odes, the First Chapter in Arabic Literature aLondonbGeorge Allen and Unwin Ltdc1957 a258p aincludes index and biblioraphy2 aIndex aArabic-Poetry1 aArberry, A J